Remote Work Reimagined : (Record no. 12187)

MARC details
000 -LEADER
campo de control de longitud fija 00471nam a2200121Ia 4500
005 - FECHA Y HORA DE LA ÚLTIMA TRANSACCIÓN
campo de control 20260328104343.0
008 - DATOS DE LONGITUD FIJA--INFORMACIÓN GENERAL
campo de control de longitud fija 260328s9999||||xx |||||||||||||| ||und||
100 ## - ENTRADA PRINCIPAL--NOMBRE DE PERSONA
Nombre de persona Ciprian, M.
245 #0 - MENCIÓN DEL TÍTULO
Título Remote Work Reimagined :
Resto del título The Essential Guide to Boosting Productivity and Enjoying Life | Proven Strategies, Practical Tips, and Expert Advice for ... Personal growt and financial success Books /
Mención de responsabilidad, etc. M. Ciprian
300 ## - DESCRIPCIÓN FÍSICA
Extensión 123 p.
650 ## - PUNTO DE ACCESO ADICIONAL DE MATERIA--TÉRMINO DE MATERIA
Término de materia o nombre geográfico como elemento de entrada COMUNICACION VISUAL
942 ## - ELEMENTOS DE ENTRADA SECUNDARIOS (KOHA)
Tipo de ítem Koha Libros
Holdings
Estatus retirado Estado de pérdida Estado de daño No para préstamo Colección Biblioteca de origen Biblioteca actual Ubicación en estantería Fecha de adquisición Número de inventario Total de préstamos Signatura topográfica completa Código de barras Visto por última vez Copia número Precio de reemplazo Tipo de ítem Koha
        General Biblioteca Gonzalo Peláez Caldas Biblioteca Gonzalo Peláez Caldas Colección general 28/03/2026 6439   760.11 M1 6439 28/03/2026 1 28/03/2026 Libros